00431nam a2200121Ia 4500008004100000100001900041245005000060245008000110260004900190260000900239650001300248856004800261170221s9999 xx 000 0 und d aCharles McPeak aDo happy employees lead to financial success? cCharles McPeak, Pepperdine University; Wesley Young, Pepperdine University. bJournal of Management and Marketing Research c2014 xBusiness uhttp://www.aabri.com/manuscripts/162436.pdf